Cơ sở thiết kế máy

Wedi'i Gadw mewn:
Manylion Llyfryddiaeth
Prif Awdur: Nguyễn Hữu Lộc
Fformat: Llyfr
Iaith:Undetermined
Cyhoeddwyd: TP. HCM ĐHQG 2003
Pynciau:
Tagiau: Ychwanegu Tag
Dim Tagiau, Byddwch y cyntaf i dagio'r cofnod hwn!
Thư viện lưu trữ: Trung tâm Học liệu Trường Đại học Cần Thơ
LEADER 00510nam a2200181Ia 4500
001 CTU_56855
008 210402s9999 xx 000 0 und d
020 |b 25000 
082 |a 621.8 
082 |b L452/P2 
100 |a Nguyễn Hữu Lộc 
245 0 |a Cơ sở thiết kế máy 
245 0 |c Nguyễn Hữu Lộc 
260 |a TP. HCM 
260 |b ĐHQG 
260 |c 2003 
650 |a machine design,mechanical engineering 
980 |a Trung tâm Học liệu Trường Đại học Cần Thơ